Guess the Glee Song 2 Quiz Stats

 Plays Quiz not verified by Sporcle

Challenge
Share
Tweet
Embed
Score 0/300 Timer 10:00
0 Plays Today
Answer % Correct
I
98.1%
I
98.1%
I
98.1%
I
98.1%
I
98.1%
I
98.1%
I
98.1%
I
98.1%
I
98.1%
I
98.1%
I
98.1%
I
98.1%
I
98.1%
I
98.1%
I
98.1%
I
98.1%
I
98.1%
I
98.1%
I
98.1%
I
98.1%
a
83.9%
a
83.9%
a
83.9%
you
82.6%
you
82.6%
the
79.4%
the
79.4%
the
79.4%
the
79.4%
the
79.4%
the
79.4%
the
79.4%
the
79.4%
the
79.4%
me
72.3%
is
68.4%
is
68.4%
is
68.4%
is
68.4%
is
68.4%
is
68.4%
is
68.4%
is
68.4%
it
67.1%
it
67.1%
to
66.5%
to
66.5%
to
66.5%
to
66.5%
to
66.5%
to
66.5%
your
65.8%
on
64.5%
on
64.5%
on
64.5%
on
64.5%
on
64.5%
on
64.5%
be
63.9%
he
61.9%
he
61.9%
he
61.9%
he
61.9%
he
61.9%
he
61.9%
and
61.3%
and
61.3%
and
61.3%
and
61.3%
and
61.3%
and
61.3%
and
61.3%
and
61.3%
and
61.3%
and
61.3%
I'm
60%
I'm
60%
I'm
60%
I'm
60%
I'm
60%
I'm
60%
I'm
60%
I'm
60%
I'm
60%
I'm
60%
I'm
60%
I'm
60%
I'm
60%
I'm
60%
I'm
60%
I'm
60%
I'm
60%
no
59.4%
my
58.7%
my
58.7%
can
58.1%
can
58.1%
can
58.1%
you're
57.4%
you're
57.4%
Answer % Correct
so
55.5%
so
55.5%
for
54.2%
what
53.5%
what
53.5%
what
53.5%
of
51.6%
of
51.6%
of
51.6%
of
51.6%
that
49%
that
49%
that
49%
am
48.4%
am
48.4%
am
48.4%
know
47.1%
know
47.1%
not
47.1%
don't
46.5%
don't
46.5%
don't
46.5%
don't
46.5%
where
45.8%
where
45.8%
there
44.5%
can't
44.5%
was
43.9%
was
43.9%
was
43.9%
how
43.9%
was
43.9%
how
43.9%
oh
43.9%
how
43.9%
how
43.9%
this
43.2%
this
43.2%
this
43.2%
this
43.2%
just
40.6%
just
40.6%
all
40%
have
40%
all
40%
all
40%
all
40%
all
40%
like
38.1%
him
36.8%
some
36.1%
see
35.5%
but
35.5%
see
35.5%
see
35.5%
has
33.5%
out
33.5%
out
33.5%
has
33.5%
out
33.5%
out
33.5%
heart
32.9%
never
32.9%
never
32.9%
never
32.9%
life
31.6%
had
31%
man
30.3%
man
30.3%
going
30.3%
feel
30.3%
feel
30.3%
going
30.3%
feel
30.3%
feel
30.3%
that's
29.7%
now
29.7%
that's
29.7%
something
27.7%
real
27.7%
something
27.7%
real
27.7%
something
27.7%
there's
27.1%
into
27.1%
there's
27.1%
into
27.1%
there's
27.1%
into
27.1%
should
26.5%
thought
25.8%
came
25.8%
nothing
25.8%
nothing
25.8%
couldn't
25.2%
saw
24.5%
well
24.5%
well
24.5%
cry
23.2%
what's
23.2%
Answer % Correct
what's
23.2%
right
21.9%
right
21.9%
around
21.3%
run
21.3%
run
21.3%
care
20.6%
care
20.6%
used
20%
lie
20%
cold
20%
used
20%
lie
20%
cold
20%
cold
20%
cold
19.5%
anymore
19.4%
floor
19.4%
changed
19.4%
things
19.4%
floor
19.4%
changed
19.4%
floor
19.4%
changed
19.4%
sky
18.7%
sky
18.7%
sky
18.7%
brought
18.1%
fine
18.1%
torn
18.1%
torn
18.1%
torn
18.1%
guess
18.1%
torn
18.1%
torn
18.1%
torn
18.1%
torn
18.1%
torn
18.1%
torn
18.1%
warm
17.4%
dignified
17.4%
showed
17.4%
seem
17.4%
seem
17.4%
dry
17.4%
naked
17.4%
little
17.4%
seen
17.4%
light
17.4%
much
17.4%
naked
17.4%
little
17.4%
dry
17.4%
naked
17.4%
nothing's
16.8%
faith
16.8%
lying
16.8%
faith
16.8%
lying
16.8%
nothing's
16.8%
faith
16.8%
lying
16.8%
faith
16.8%
adored
16.1%
shamed
16.1%
perfect
16.1%
late
16.1%
already
16.1%
shamed
16.1%
perfect
16.1%
late
16.1%
already
16.1%
shamed
16.1%
perfect
16.1%
conversation
15.5%
illusion
14.8%
wide
14.8%
awake
14.8%
touch
14.8%
many
14.8%
illusion
14.8%
wide
14.8%
awake
14.8%
illusion
14.8%
wide
14.8%
awake
14.8%
fortune
13.5%
teller's
12.9%
holy
12.3%
miss
12.3%
ashamed
12.3%
broken
12.3%
beneath
11%
luck
11%
inspiration
11%
bound
10.3%
crawled
9.7%
hey
9.7%
hey
9.7%
veins
8.4%

You're not logged in!

Compare scores with friends on all Sporcle quizzes.
Join for Free
OR
Log In

You Might Also Like...

Show Comments

Extras

Created Jan 19, 2014ReportFavoriteNominate
Tags:Song Quiz, glee

Top Quizzes Today


Score Distribution

Your Account Isn't Verified!

In order to create a playlist on Sporcle, you need to verify the email address you used during registration. Go to your Sporcle Settings to finish the process.

Report this User

Report this user for behavior that violates our Community Guidelines.

Details: